000 01523cam a22002174a 4500
005 20250605163924.0
008 250528s ||||||||||||||||||||||||d
035 _a14488
020 _a702024481
040 _aGR-AtMCL
_bgre
_dGR-AtMCL
_eAACR2
245 1 _aHealth Promotion / Foundations for Practice: Second Edition
250 _a2nd
260 _bBailliere Tindall,
_c2006
300 _a400
520 _aThis book aims to provide the theoretical framework which is vital if health promoters are to be clear about their intentions and desired outcomes when they embark on interventions designed to promote health. Preface, Introduction, The Theory of Health Promotion, Concepts of Health, Influences on Health, Measuring Health, Defining Health Promotion, Models and Approaches to Health Promotion, Ethical Issues in Health Promotion, The Politics of Health Promotion, Strategies and Methods, Partnerships for Health - Working Together, Public Health Work, Working with Communities and Community Development, Helping People to Change, Using the Mass Media in Health Promotion, Settings for Health Promotion, Health Promotion in the Workplace, Health Promotion in Schools, Health Promotion in Neighborhoods, Health Promotion in Primary Health Care and Hospitals, Working for Health Promotion, Assessing Health Needs, Planning Health Promotion Interventions, Evaluation in Health Promotion, Index.
700 1 _aNaidoo Jennie
_9180
700 1 _aWills Jane
_9181
942 _cBK
999 _c117
_d117